Sports Quiz

Random Sports Quiz
Score 0/138 Timer 10:00
0 Plays Today
Year/Team Player % Correct
1984: San Diego PadresTony Gwynn
96.2%
1987: San Diego PadresTony Gwynn
96.2%
1988: San Diego PadresTony Gwynn
96.2%
1989: San Diego PadresTony Gwynn
96.2%
1994: San Diego PadresTony Gwynn
96.2%
1995: San Diego PadresTony Gwynn
96.2%
1996: San Diego PadresTony Gwynn
96.2%
1997: San Diego PadresTony Gwynn
96.2%
1998: Colorado RockiesLarry Walker
93.9%
1999: Colorado RockiesLarry Walker
93.9%
2001: Colorado RockiesLarry Walker
93.9%
1944: Brooklyn DodgersDixie Walker
93.3%
1947: St. Louis Cardinals/Philadelphia PhillesHarry Walker
93.2%
2002: San Francisco GiantsBarry Bonds
93.2%
2004: San Francisco GiantsBarry Bonds
93.2%
2008: Atlanta BravesChipper Jones
93.2%
2000: Colorado RockiesTodd Helton
92.2%
1961: Pittsburgh PiratesRoberto Clemente
90.4%
1964: Pittsburgh PiratesRoberto Clemente
90.4%
1965: Pittsburgh PiratesRoberto Clemente
90.4%
1967: Pittsburgh PiratesRoberto Clemente
90.4%
1943: St. Louis CardinalsStan Musial
90%
1946: St. Louis CardinalsStan Musial
90%
1948: St. Louis CardinalsStan Musial
90%
1950: St. Louis CardinalsStan Musial
90%
1951: St. Louis CardinalsStan Musial
90%
1952: St. Louis CardinalsStan Musial
90%
1957: St. Louis CardinalsStan Musial
90%
2003: St. Louis CardinalsAlbert Pujols
90%
1968: Cincinnati RedsPete Rose
88.3%
1969: Cincinnati RedsPete Rose
88.3%
1973: Cincinnati RedsPete Rose
88.2%
1956: Milwaukee BravesHank Aaron
86.4%
1959: Milwaukee BravesHank Aaron
86.4%
1900: Pittsburgh PiratesHonus Wagner
81.9%
1903: Pittsburgh PiratesHonus Wagner
81.9%
1904: Pittsburgh PiratesHonus Wagner
81.9%
1906: Pittsburgh PiratesHonus Wagner
81.9%
1907: Pittsburgh PiratesHonus Wagner
81.9%
1908: Pittsburgh PiratesHonus Wagner
81.9%
1909: Pittsburgh PiratesHonus Wagner
81.9%
1911: Pittsburgh PiratesHonus Wagner
81.9%
1920: St. Louis CardinalsRogers Hornsby
80.5%
1921: St. Louis CardinalsRogers Hornsby
80.5%
1922: St. Louis CardinalsRogers Hornsby
80.5%
1923: St. Louis CardinalsRogers Hornsby
80.5%
Year/Team Player % Correct
1924: St. Louis CardinalsRogers Hornsby
80.5%
1925: St. Louis CardinalsRogers Hornsby
80.5%
1928: St. Louis CardinalsRogers Hornsby
80.5%
1949: Brooklyn DodgersJackie Robinson
79.2%
1954: New York GiantsWillie Mays
77.3%
2005: Chicago CubsDerrek Lee
77.3%
1986: Montreal ExposTim Raines
73%
1991: Atlanta BravesTerry Pendleton
73%
1993: Colorado RockiesAndres Galarraga
72.7%
1985: St. Louis CardinalsWillie McGee
72%
1990: St. Louis CardinalsWillie McGee
72%
2007: Colorado RockiesMatt Holliday
69.5%
2006: Pittsburgh PiratesFreddy Sanchez
68.7%
1972: Chicago CubsBilly Williams
65.2%
1977: Pittsburgh PiratesDave Parker
65.2%
1978: Pittsburgh PiratesDave Parker
65.2%
1979: St. Louis CardinalsKeith Hernandez
62.4%
1927: Pittsburgh PiratesPaul Waner
60.7%
1934: Pittsburgh PiratesPaul Waner
60.7%
1936: Pittsburgh PiratesPaul Waner
60.7%
1971: St. Louis CardinalsJoe Torre
60.3%
1881: Chicago White StockingsCap Anson
57%
1888: Chicago White StockingsCap Anson
57%
1975: Chicago CubsBill Madlock
53.8%
1976: Chicago CubsBill Madlock
53.8%
1981: Pittsburgh PiratesBill Madlock
53.8%
1983: Pittsburgh PiratesBill Madlock
53.8%
1955: Philadelphia PhillesRichie Ashburn
53.5%
1958: Philadelphia PhilliesRichie Ashburn
53.5%
1962: Los Angeles DodgersTommy Davis
50.8%
1963: Los Angeles DodgersTommy Davis
50.8%
1937: St. Louis CardinalsJoe Medwick
48.6%
1933: Philadelphia PhilliesChuck Klein
46.5%
1930: New York GiantsBill Terry
45%
1960: Pittsburgh PiratesDick Groat
43.2%
1992: San Diego PadresGary Sheffield
42.9%
1982: Montreal ExposAl Oliver
38.6%
1897: Baltimore OriolesWillie Keeler
37.2%
1898: Baltimore OriolesWillie Keeler
37.2%
1899: Philadelphia PhilliesEd Delahanty
36.1%
1966: Pittsburgh PiratesMatty Alou
36.1%
1938: Cincinnati RedsErnie Lombardi
35.2%
1942: Boston BravesErnie Lombardi
35.2%
1939: St. Louis CardinalsJohnny Mize
34.3%
1970: Atlanta BravesRico Carty
34%
1980: Chicago CubsBill Buckner
33.8%
Year/Team Player % Correct
1974: Atlanta BravesRalph Garr
32.9%
1935: Pittsburgh PiratesArky Vaughan
30.6%
1918: Brooklyn RobinsZack Wheat
29.8%
1882: Buffalo BisonDan Brouthers
26.5%
1883: Buffalo BisonDan Brouthers
26.5%
1889: Boston BeaneatersDan Brouthers
26.5%
1892: Brooklyn GroomsDan Brouthers
26.5%
1953: Brooklyn DodgersCarl Furillo
25.5%
1929: Philadelphia PhilliesLefty O'Doul
24.4%
1932: Brooklyn DodgersLefty O'Doul
24.4%
1891: Philadelphia PhillesBilly Hamilton
23.4%
1893: Philadelphia PhilliesBilly Hamilton
23.4%
1894: Boston BeaneatersHugh Duffy
23.4%
1917: Cincinnati RedsEdd Roush
23.3%
1919: Cincinnati RedsEdd Roush
23.3%
1884: Chicago White StockingsKing Kelly
20.2%
1886: Chicago White StockingsKing Kelly
20.2%
1895: Cleveland SpidersJesse Burkett
20.1%
1896: Cleveland SpidersJesse Burkett
20.1%
1901: St. Louis CardinalsJesse Burkett
20.1%
1887: Detroit WolverinesSam Thompson
19.8%
1945: Chicago CubsPhil Cavaretta
18.7%
1941: Brooklyn DodgersPete Reiser
18.2%
1931: St. Louis CardinalsChick Hafey
16.3%
1885: New York GiantsRoger Connor
14.9%
1875: Boston Red StockingsDeacon White
14.2%
1877: Boston Red CapsDeacon White
14.2%
1872: Boston Red StockingsRoss Barnes
11.8%
1873: Boston Red StockingsRoss Barnes
11.8%
1876: Chicago White StockingsRoss Barnes
11.8%
1912: Chicago CubsHeinie Zimmerman
11.4%
1902:Pittsburgh PiratesGinger Beaumont
10.6%
1905: Cincinnati RedsCy Seymour
10.6%
1913: Brooklyn SuperbasJake Daubert
9.5%
1914: Brooklyn RobinsJake Daubert
9.5%
1910: Philadelphia PhillesSherry Magee
8.9%
1940: Pittsburgh PiratesDebs Garms
8.5%
1915: New York GiantsLarry Doyle
8.2%
1916: Cincinnati RedsHal Chase
7.8%
1926: Cincinnati RedsBubbles Hargrave
7%
1878: Providence GraysPaul Hines
6.4%
1879: Providence GraysPaul Hines
6.4%
1890: New York GiantsJack Glasscock
6.1%
1871: Philadelphia AthleticsLevi Meyerle
5.6%
1874: Chicago White StockingsLevi Meyerle
5.6%
1880: Chicago White StockingsGeorge Gore
4.9%
Remove Ads.
Support Sporcle.
Get the best of Sporcle when you Go Orange. This ad-free experience offers more features, more stats, and more fun while also helping to support Sporcle. Thank you for becoming a member.

You're not logged in!

Compare scores with friends on all Sporcle quizzes.
OR
Log In

Show Comments

Extras

Top Quizzes Today


Score Distribution

Your Account Isn't Verified!

In order to create a playlist on Sporcle, you need to verify the email address you used during registration. Go to your Sporcle Settings to finish the process.

Report this User

Report this user for behavior that violates our Community Guidelines.

Details: